LEADER 01437nas 2200529-a 450 001 996210195003316 005 20240113213019.0 011 $a2090-2913 035 $a(DE-599)ZDB2581531-3 035 $a(OCoLC)694090773 035 $a(CKB)2480000000003891 035 $a(CONSER)--2011243259 035 $a(EXLCZ)992480000000003891 100 $a20101222a20119999 --- - 101 0 $aeng 135 $aur||||||||||| 181 $ctxt$2rdacontent 182 $cc$2rdamedia 183 $acr$2rdacarrier 200 00$aJournal of skin cancer 210 $a[New York, NY] $cHindawi Publishing Corporation$dİ2011- 300 $aRefereed/Peer-reviewed 311 $a2090-2905 517 1 $aJ. Skin Cancer 531 10$aJ Skin Cancer 531 1 $aJ skin cancer 606 $aSkin$xCancer$vPeriodicals 606 $aSkin$xCancer$2fast$3(OCoLC)fst01120055 606 $aSkin Neoplasms 606 $aDermatology 606 $aNeoplasms 608 $aFulltext. 608 $aInternet Resources. 608 $aPeriodicals. 608 $aPeriodicals.$2fast 608 $aPeriodical. 610 $aOncology 615 0$aSkin$xCancer 615 7$aSkin$xCancer. 615 12$aSkin Neoplasms. 615 22$aDermatology. 615 22$aNeoplasms. 712 02$aHindawi Publishing Corporation. 906 $aJOURNAL 912 $a996210195003316 996 $aJournal of skin cancer$92112756 997 $aUNISA